Netherlands west to east by train II Quiz Stats

 Plays Quiz not verified by Sporcle

Challenge
Share
Tweet
Embed
Score 0/31 Timer 05:00
0 Plays Today
Province Railway station % Correct
Noord-HollandZandvoort aan Zee
100%
DrentheEmmen
100%
OverijsselZwolle
87.9%
Noord-HollandAmsterdam Centraal
83.6%
Noord-HollandHaarlem
81.9%
FlevolandAlmere Centrum
77.6%
FlevolandLelystad Centrum
77.6%
FlevolandDronten
77.6%
FlevolandAlmere Muziekwijk
75.9%
DrentheCoevorden
75.9%
Noord-HollandAmsterdam Sloterdijk
75%
FlevolandAlmere Buiten
73.3%
OverijsselKampen Zuid
73.3%
Noord-HollandWeesp
72.4%
OverijsselOmmen
71.6%
Noord-HollandDiemen
69.8%
Province Railway station % Correct
Noord-HollandAmsterdam Muiderpoort
69%
DrentheEmmen Zuid
69%
FlevolandAlmere Oostvaarders
68.1%
OverijsselHardenberg
66.4%
FlevolandAlmere Poort
65.5%
OverijsselDalfsen
64.7%
DrentheNieuw Amsterdam
64.7%
OverijsselMariƫnberg
63.8%
FlevolandAlmere Parkwijk
62.9%
Noord-HollandHaarlem Spaarnwoude
60.3%
Noord-HollandAmsterdam Science Park
60.3%
Noord-HollandHalfweg-Zwanenburg
56.9%
DrentheDalen
56%
Noord-HollandOverveen
54.3%
OverijsselGramsbergen
47.4%

You're not logged in!

Compare scores with friends on all Sporcle quizzes.
Join for Free
OR
Log In

You Might Also Like...

Show Comments

Extras

Top Quizzes Today


Score Distribution

Your Account Isn't Verified!

In order to create a playlist on Sporcle, you need to verify the email address you used during registration. Go to your Sporcle Settings to finish the process.

Report this User

Report this user for behavior that violates our Community Guidelines.

Details: